00571nam a2200205Ia 4500008004100000020001800041050001900059050001400078100002500092245006400117245002500181260001300206260002600219260000900245300001600254300002000270300001100290650003200301650003200333160404s9999 xx 000 0 und d a971-23-0367-5 aFIL HF 5686.C7 b.M37 1989 aMariano, Norma D. L. aAccounting fundamentals for partnerships and corporations / cNorma D. L. Mariano. aManila : bRex Book Store, Inc., c1989 a348 pages : billustrations ; c25 cm. aPartnerships -- Accounting. xCorporations -- Accounting.